• 首页
  • 本馆介绍
  • 公告通知
  • 最新文献
  • 馆藏检索
  • 电子资源
  • 读者导购
  • 参考咨询
  • 我的图书馆
  • 登录
  • 详细信息显示
  • 放入我的书架
  • 预约/预借图书
  • 作者相关作品
  • 分类相关作品
  • 丛书相关作品
  • 出版社相关作品

书目信息

  • 表格格式
  • 工作单格式
  • 卡片格式
题名:
安全技术与相关法律法规
    
 
作者: 昌永红 , 王胜 , 崔景明 主编
分册:  
出版信息: 武汉   华中科技大学出版社  2014
页数: 290页
开本: 26cm
丛书名:
单 册:
中图分类: TU714.2 , D922.297.1 , D922.297
科图分类:
主题词: 建筑工程--教材--继续教育--安全技术 , 建筑工程--教材--安全生产--建筑法--继续教育--中国 , 法律--中国
电子资源:
ISBN: 978-7-5609-9951-7
000 01204nam0 2200301 450
001 1874
005 20161201144136.73
010    @a978-7-5609-9951-7@dCNY45.00
100    @a20140611d2014 em y0chiy50 ea
101 0  @achi
102    @aCN@b420000
105    @ay z 000yy
200 1  @a安全技术与相关法律法规@9an quan ji shu yu xiang guan fa lv fa gui@f昌永红,王胜,崔景明主编
210    @a武汉@c华中科技大学出版社@d2014
215    @a290页@d26cm
300    @a建筑企业三类人员继续教育培训系列教材
330    @a本书其主要内容包括两大部分,即建筑工程安全生产技术(包括土方工程、临时用电工程、脚手架工程、模板工程、高处作业工程、起重吊装工程、拆除工程、垂直运输机械、建筑机械、焊接工程和建筑施工防火安全等内容)和建筑施工安全法规及相关文件(部分)。
606 0  @a建筑工程@j教材@x继续教育@x安全技术
606 0  @a建筑工程@j教材@x安全生产@x建筑法@x继续教育@y中国
606 0  @a法律@x中国
690    @aTU714.2@v5
690    @aD922.297.1@v5
690    @aD922.297@v4
701  0 @a昌永红@9chang yong hong@c(女,@f1976~)@4主编
701  0 @a王胜@9wang sheng@4主编
701  0 @a崔景明@9cui jing ming@4主编
801  0 @aCN@b大连网信软件有限公司图书馆·11@c20161201
905    @aZUCC@dTU714.2@e892
    
    安全技术与相关法律法规/昌永红,王胜,崔景明主编.-武汉:华中科技大学出版社,2014
    290页;26cm
    建筑企业三类人员继续教育培训系列教材
    
    ISBN 978-7-5609-9951-7:CNY45.00
    本书其主要内容包括两大部分,即建筑工程安全生产技术(包括土方工程、临时用电工程、脚手架工程、模板工程、高处作业工程、起重吊装工程、拆除工程、垂直运输机械、建筑机械、焊接工程和建筑施工防火安全等内容)和建筑施工安全法规及相关文件(部分)。
●
相关链接 在E读中查询图书 在五车中查询图书 在当当中查询图书 在豆瓣中查询图书


正题名:安全技术与相关法律法规     索取号:TU714.2/892         预约/预借

序号 登录号 条形码 馆藏地/架位号 状态 备注
1 910303   209103030   第二样本阅览室/ [索取号:TU714.2/892] 在馆    
2 910304   209103049   第三借阅区/ [索取号:TU714.2/892] 在馆    
3 910305   209103058   第三借阅区/ [索取号:TU714.2/892] 在馆    
4 910306   209103067   第三借阅区/ [索取号:TU714.2/892] 在馆    
欢迎您!
大连网信软件有限公司© 版权所有